|
|
|
|
| LEADER |
01004nam a2200265 a 4500 |
| 001 |
TVCDKTCT182 |
| 003 |
Thư viện trường Cao đẳng Kỹ thuật Cao Thắng |
| 005 |
20220922134034.000 |
| 008 |
050730 |
| 980 |
\ |
\ |
|a Thư viện Trường CĐ Kỹ Thuật Cao Thắng
|
| 024 |
|
|
|a RG_1 #1 eb0 i1
|
| 041 |
0 |
# |
|a vie
|
| 082 |
# |
# |
|a 004.33 /
|b PH105H-x
|
| 100 |
1 |
# |
|a Phan Đình Huấn
|
| 245 |
0 |
0 |
|a Xây dựng mô hình ba chiều và bản vẽ kỹ thuật bằng INVENTOR /
|c Phan Đình Huấn, Tôn Thất Tài
|
| 250 |
# |
# |
|a In lần thứ 1
|
| 260 |
# |
# |
|a Tp.HCM :
|b Khoa học và kỹ thuật ,
|c 2002
|
| 300 |
# |
# |
|a 286tr. ;
|c 20,5cm
|
| 650 |
# |
4 |
|a Vẽ kỹ thuật
|
| 653 |
# |
# |
|a Computer Aided Design
|
| 653 |
# |
# |
|a Phần mềm hỗ trợ thiết kế
|
| 653 |
# |
# |
|a Technical Drawing
|
| 700 |
0 |
# |
|a Tôn Thất Tài
|
| 721 |
# |
# |
|a Công nghệ thông tin
|
| 841 |
# |
# |
|b Kho Sách
|j 100009037, 100009038, 100009039, 100009040
|